Jasa insan istimewa (Record no. 56549)

MARC details
000 -LEADER
fixed length control field 00738nam a2200265 i 4500
001 - CONTROL NUMBER
control field C2-0241597
003 - CONTROL NUMBER IDENTIFIER
control field PPAK
005 - DATE AND TIME OF LATEST TRANSACTION
control field 20180727203902.0
008 - FIXED-LENGTH DATA ELEMENTS--GENERAL INFORMATION
fixed length control field 020807s2002 my a|||| ||||| | may d
020 ## - INTERNATIONAL STANDARD BOOK NUMBER
International Standard Book Number 9838239119
040 ## - CATALOGING SOURCE
Original cataloging agency PPAK
Language of cataloging eng
Transcribing agency PPAK
Description conventions rda
082 04 - DEWEY DECIMAL CLASSIFICATION NUMBER
Classification number 499.2386
Edition number 23
090 00 - LOCALLY ASSIGNED LC-TYPE CALL NUMBER (OCLC); LOCAL CALL NUMBER (RLIN)
Classification number (OCLC) (R) ; Classification number, CALL (RLIN) (NR) 499.2386
Feature heading SAB
Feature heading K
100 0# - MAIN ENTRY--PERSONAL NAME
Personal name Sabrina Sobrie,
Relator term author
245 10 - TITLE STATEMENT
Title Jasa insan istimewa
264 #1 - PRODUCTION, PUBLICATION, DISTRIBUTION, MANUFACTURE, AND COPYRIGHT NOTICE
Place of production, publication, distribution, manufacture Petaling Jaya, Selangor :
Name of producer, publisher, distributor, manufacturer Prisma ,
Date of production, publication, distribution, manufacture, or copyright notice 2002
300 ## - PHYSICAL DESCRIPTION
Extent 22 pages :
Other physical details colour illustrations ;
Dimensions 22 cm
336 ## - CONTENT TYPE
Source rdacontent
Content type term text
337 ## - MEDIA TYPE
Source rdamedia
Media type term unmediated
338 ## - CARRIER TYPE
Source rdacarrier
Carrier type term volume
490 1# - SERIES STATEMENT
Series statement Siri pekerti mulia
650 10 - SUBJECT ADDED ENTRY--TOPICAL TERM
Topical term or geographic name entry element Malay language - Readers
830 #0 - SERIES ADDED ENTRY--UNIFORM TITLE
Uniform title Siri pekerti mulia
942 ## - ADDED ENTRY ELEMENTS (KOHA)
-- dc
Koha item type Book
Holdings
Withdrawn Not for loan Current library Shelving location Date acquired Total Checkouts Full call number Barcode Date last seen Date last checked out Koha item type
    Perpustakaan Baling Pinjaman Kanak-kanak 08/08/2002   K 499.2386 SAB A01007695 08/05/2018   Book
    Perpustakaan Bandar Baharu Pinjaman Kanak-kanak 08/08/2002   K 499.2386 SAB A01007680 08/05/2018   Book
    Perpustakaan Jitra Pinjaman Kanak-kanak 08/08/2002 1 K 499.2386 SAB A01007676 12/08/2024 23/07/2024 Book
    Perpustakaan Kulim Pinjaman Kanak-kanak 08/08/2002   K 499.2386 SAB A01007678 08/05/2018   Book
    Perpustakaan Langkawi Pinjaman Kanak-kanak 08/08/2002   K 499.2386 SAB A01007677 08/05/2018   Book
    Perpustakaan Yan Pinjaman Kanak-kanak 08/08/2002   K 499.2386 SAB A01007679 08/05/2018   Book
    Bergerak 1, Alor Setar Pinjaman Kanak-kanak 08/08/2002   K 499.2386 SAB A01007682 08/05/2018   Book
    Bergerak 3, Baling Pinjaman Kanak-kanak 08/08/2002   K 499.2386 SAB A01007684 08/05/2018   Book
    Bergerak 5, Kulim Pinjaman Kanak-kanak 08/08/2002   K 499.2386 SAB A01007686 08/05/2018   Book
    PD02, Kg. Banggol Besi, Pendang Pinjaman Kanak-kanak 25/08/2002   K 499.2386 SAB A01040468 08/05/2018   Book
    PD07, Kg. Jelutong, Sik Pinjaman Kanak-kanak 08/08/2002   K 499.2386 SAB A01007690 08/05/2018   Book
    PD08, Felda Gunung Bongsu, Kulim Pinjaman Kanak-kanak 08/08/2002   K 499.2386 SAB A01007691 08/05/2018   Book
    PD28, Kg. Paya Kerchut, Pendang Pinjaman Kanak-kanak 08/08/2002   K 499.2386 SAB A01007693 08/05/2018   Book
    PD30, Bandar Baru Beris Jaya, Sik Pinjaman Kanak-kanak 08/08/2002   K 499.2386 SAB A01007689 08/05/2018   Book